| 000 | 00501nam a2200181 a 4500 | ||
|---|---|---|---|
| 001 | 5960 | ||
| 003 | CDMR | ||
| 005 | 20130610123231.0 | ||
| 008 | 130220s2009||||||||||||||||||||||||||||d | ||
| 020 | _a9788484607632 | ||
| 040 |
_aCDMR _bcat _cCDMR |
||
| 100 | 1 |
_aMontagut, Albert _92976 |
|
| 245 | 1 | 0 |
_aFe de errores _b: una historia de periodistas _cAlbert Montagut |
| 260 |
_aMadrid _bTemas de hoy _c2009 |
||
| 300 |
_a478 p ; _c20 cm |
||
| 650 | 0 | 4 |
_aPeriodistes catalans _vBiografia _93139 |
| 942 |
_cMON _2udc |
||
| 999 |
_c5960 _d5960 |
||